Celebrating 30 years of islamic banking and financial institutions in Malaysia 1983-2013
Saved in:
| Other Authors: | |
|---|---|
| Format: | Book |
| Language: | English |
| Published: |
Nilai, Negeri Sembilan
USIM
2013
|
| Subjects: | |
| Tags: |
Add Tag
No Tags, Be the first to tag this record!
|
| Call Number : | HG 3368.A6 C45 2013 |
MARC
| LEADER | 00000nam a2200000 a 4500 | ||
|---|---|---|---|
| 001 | 54953 | ||
| 003 | MY-KLNDU | ||
| 005 | 20241219014858.0 | ||
| 008 | 200720 20132013my b 001 0 eng d | ||
| 020 | |a 9789674400064 (pbk) | ||
| 039 | 9 | |a 202306131112 |b rafizah |c 202306131111 |d rafizah |c 202303010847 |d hainim |y 202007200816 |z shahrim | |
| 040 | |a MY-KlNDU |b eng |c MY-KlNDU |e rda | ||
| 050 | |a HG 3368.A6 |b C45 2013 | ||
| 090 | |a HG 3368.A6 |b C45 2013 | ||
| 245 | 1 | 0 | |a Celebrating 30 years of islamic banking and financial institutions in Malaysia 1983-2013 |c editor, Muhammad Ridhwan Ab. Aziz |
| 264 | 1 | |a Nilai, Negeri Sembilan |b USIM |c 2013 | |
| 264 | 4 | |a © 2013 | |
| 300 | |a xv, 190 pages |b ilustrations |c 24cm | ||
| 336 | |a text |2 rdacontent | ||
| 337 | |a unmediated |2 rdamedia | ||
| 338 | |a volume |2 rdacarrier | ||
| 504 | |a Includes bibliographical references (p 185-189) and index | ||
| 592 | |a 0110/HL/2020 |b 21/08/2020 |c RM 38.00 |h Han Lin Books | ||
| 650 | 0 | |a Banks And Banking |x Religious | |
| 650 | 0 | |a Finance |x Religious aspects |x Islam | |
| 650 | 0 | |a Banks and banking |z Malaysia | |
| 700 | 0 | |a Muhammad Ridhwan Ab Aziz | |
| 999 | |a vtls000065960 |c 54953 |d 54953 | ||


